Focus West Scotland (Record no. 81611)

MARC details
000 -LEADER
fixed length control field 00897cab a22002055a 4500
001 - CONTROL NUMBER
control field L147688
008 - FIXED-LENGTH DATA ELEMENTS--GENERAL INFORMATION
fixed length control field 090604e20090523stko f 000 0 eng d
035 ## - SYSTEM CONTROL NUMBER
System control number (Sirsi) u147688
041 0# - LANGUAGE CODE
Language code of text/sound track or separate title eng
100 1# - MAIN ENTRY--PERSONAL NAME
Personal name Quinn, David
245 00 - TITLE STATEMENT
Title Focus West Scotland
260 ## - PUBLICATION, DISTRIBUTION, ETC.
Date of publication, distribution, etc. 2009
490 ## - SERIES STATEMENT
Series statement Estates Gazette
Volume/sequential designation (0920) 23 May 2009, 67-77(9)
520 ## - SUMMARY, ETC.
Summary, etc. Includes a case study on the Maxim development at Eurocentral in Lanarkshire, reviews the Glasgow office, retail and industrial markets. Compares Prime Zone A retails rents in Glasgow and surrounding districts. The Glasgow Sentiment Survey reveals that whilst most respondents expect no market improvement during the next six months some signs of optimism are emerging. Graphs.
590 ## - LOCAL NOTE (RLIN)
Local note KA
651 #4 - SUBJECT ADDED ENTRY--GEOGRAPHIC NAME
Geographic name Scotland
Chronological subdivision 1999-
690 ## - LOCAL SUBJECT ADDED ENTRY--TOPICAL TERM (OCLC, RLIN)
Topical term or geographic name as entry element PROPERTY-COMMERCIAL PROPERTY-COMMERCIAL PROPERTY MARKET
700 1# - ADDED ENTRY--PERSONAL NAME
Personal name Morrison, Adrian
942 ## - ADDED ENTRY ELEMENTS (KOHA)
Suppress in OPAC 0
Holdings
Withdrawn status Lost status Source of classification or shelving scheme Damaged status Not for loan Home library Current library Shelving location Date acquired Total Checkouts Full call number Barcode Date last seen Copy number Price effective from Koha item type
    Dewey Decimal Classification     London London Journal article 04/06/2009   L147688 147688-1001 06/08/2019 1 06/08/2019 Journal article